000 00606nam a2200205 a 4500
001 17537
003 CO-ViMGA
008 141112s2004 ck r 000 u spa d
020 _a9583004375
040 _aCO-ViMGA
_bspa
_cCO-ViMGA
082 0 4 _aREYh
100 1 _aReyas, Carlos Jose
_924850
245 1 0 _aEl hombre que escondió el sol y la luna
260 _aBogotá,
_cPanAméricana,
_c1997
300 _a48.p.
590 _aForma de adquisición : Premio - Mincultura
650 1 4 _aMITOLOGIA CHAMI - LITERATURA INFANTIL
_924851
650 1 4 _aTEATRO ESCOLAR INFANTIL COLOMBIANO
_924852
942 _2ddc
_cBK
999 _c2880
_d2880